Khái niệm "sự thông thái" - chiếc chìa khoá để đến với quan niệm về triết học Hy Lạp cổ đại /

Uloženo v:
Podrobná bibliografie
Hlavní autor: Đỗ Minh Hợp
Médium: Článek
Jazyk:Vietnamese
Témata:
Tagy: Přidat tag
Žádné tagy, Buďte první, kdo otaguje tento záznam!
Thư viện lưu trữ: Thư viện Trường Đại học Đà Lạt
LEADER 00819nam a2200265 4500
001 DLU050049656
040 # # |a DLU  |b vie 
041 # # |a vie 
044 # # |a vn 
100 # # |a Đỗ Minh Hợp 
245 # # |a Khái niệm "sự thông thái" - chiếc chìa khoá để đến với quan niệm về triết học Hy Lạp cổ đại /  |c Đỗ Minh Hợp 
653 # # |a Hy Lạp cổ đại 
653 # # |a Triết học Hy Lạp 
773 # # |t Tạp chí Khoa học Xã hội Việt Nam  |g Số 7, 2004, tr.26-32 
920 # # |a Phòng Tạp chí -- Trung tâm Thông tin - Thư viện Trường Đại học Đà Lạt 
933 # # |a CP 
994 # # |a DLU 
900 # # |a True 
911 # # |a Nguyễn Thị Yên 
925 # # |a G 
926 # # |a A 
927 # # |a BB 
980 # # |a Thư viện Trường Đại học Đà Lạt